000 00633cam a22002293a 4500
001 14214
003 PGUSA
005 20140828083314.0
008 041130s2004||||xxu|||||s|||||000 1 eng d
040 _aPGUSA
_beng
042 _adc
050 4 _aPH
100 1 _aGummerus, K. J.
_q(Kaarle Jaakko),
_d1840-1898
245 1 0 _aYlhäiset ja alhaiset
_h[electronic resource] /
_cK. J. Gummerus
260 _bProject Gutenberg,
_c2004
506 _aPublic domain in the USA.
516 _aElectronic text
653 _aFiction
830 0 _aProject Gutenberg
_v14214
856 4 0 _uhttp://www.gutenberg.org/ebooks/14214
942 _cEB
999 _c243469
_d243469